<?xml version='1.0' encoding='UTF-8'?>
  <record xmlns="http://www.loc.gov/MARC21/slim">
    <leader>00000cam a2200000 a 4500</leader>
    <controlfield tag="001">ocm66856476</controlfield>
    <controlfield tag="003">OCoLC</controlfield>
    <controlfield tag="005">20250703230900.9</controlfield>
    <controlfield tag="008">031214s1585    gw            000 0 ger d</controlfield>
    <datafield tag="040" ind1=" " ind2=" ">
      <subfield code="a">NLGGC</subfield>
      <subfield code="b">dut</subfield>
      <subfield code="e">dcrmb</subfield>
      <subfield code="c">NLGGC</subfield>
      <subfield code="d">UIU</subfield>
      <subfield code="d">OCLCF</subfield>
      <subfield code="d">OCLCO</subfield>
      <subfield code="d">OCLCQ</subfield>
      <subfield code="d">PAU</subfield>
      <subfield code="d">OCLCQ</subfield>
      <subfield code="d">OCLCO</subfield>
      <subfield code="d">OCLCL</subfield>
      <subfield code="d">OCLCQ</subfield>
    </datafield>
    <datafield tag="029" ind1="0" ind2=" ">
      <subfield code="a">NLGGC</subfield>
      <subfield code="b">257910360</subfield>
    </datafield>
    <datafield tag="035" ind1=" " ind2=" ">
      <subfield code="a">(OCoLC)66856476</subfield>
    </datafield>
    <datafield tag="245" ind1="0" ind2="0">
      <subfield code="a">Weytere Declaration, oder Erclärung, so Henricus der Khönig von Navarra, auf der Catholischen vorgeendes Declarirn, vnd sonst in Franckreich beschehen Protestieren :</subfield>
      <subfield code="b">den 10 Junij negstuerschinen gethon hat : sambt den vrsachen warumb er vermeine, das Jme von seinen Gegenteylen (aus dene[n] er sonderlich de[n] Herzogen von Guise de[n] Khampf angeboten) vnguetlich vn[d] vngleich beschehe[n] : sa[m]bt des Khönigs von Franckreich Edicts Jnhalt, hierin begriffen so auf solche Declarationes den 18. Julij ergangen, 1585.</subfield>
    </datafield>
    <datafield tag="260" ind1=" " ind2=" ">
      <subfield code="a">[Köln :</subfield>
      <subfield code="b">Gottfried von Kempen],</subfield>
      <subfield code="c">Gedruckt im Ja[h]r, MDXXXV [i.e. 1585]</subfield>
    </datafield>
    <datafield tag="300" ind1=" " ind2=" ">
      <subfield code="a">[24] p. ;</subfield>
      <subfield code="c">21 cm. (4to)</subfield>
    </datafield>
    <datafield tag="500" ind1=" " ind2=" ">
      <subfield code="a">Place of publication and printer suggested by VD 16.</subfield>
    </datafield>
    <datafield tag="500" ind1=" " ind2=" ">
      <subfield code="a">Signatures: A-C⁴.</subfield>
    </datafield>
    <datafield tag="500" ind1=" " ind2=" ">
      <subfield code="a">Title vignette (printer's device?); tail-piece.</subfield>
    </datafield>
    <datafield tag="500" ind1=" " ind2=" ">
      <subfield code="a">Final leaf is blank.</subfield>
    </datafield>
    <datafield tag="510" ind1="4" ind2=" ">
      <subfield code="a">VD 16,</subfield>
      <subfield code="c">N 301</subfield>
    </datafield>
    <datafield tag="600" ind1="1" ind2="0">
      <subfield code="a">Guise, Henri,</subfield>
      <subfield code="c">duc de,</subfield>
      <subfield code="d">1550-1588.</subfield>
    </datafield>
    <datafield tag="600" ind1="0" ind2="0">
      <subfield code="a">Henry</subfield>
      <subfield code="b">IV,</subfield>
      <subfield code="c">King of France,</subfield>
      <subfield code="d">1553-1610.</subfield>
    </datafield>
    <datafield tag="610" ind1="2" ind2="0">
      <subfield code="a">Catholic Church.</subfield>
      <subfield code="b">Pope (1585-1590 : Sixtus V).</subfield>
      <subfield code="t">Declaratio contra Henricum Borbonium.</subfield>
    </datafield>
    <datafield tag="600" ind1="1" ind2="7">
      <subfield code="a">Guise, Henri,</subfield>
      <subfield code="c">duc de,</subfield>
      <subfield code="d">1550-1588.</subfield>
      <subfield code="2">fast</subfield>
      <subfield code="0">(OCoLC)fst00148957</subfield>
      <subfield code="1">https://id.oclc.org/worldcat/entity/E39PBJtX788J7CWBbqwPYJwV4q</subfield>
    </datafield>
    <datafield tag="600" ind1="0" ind2="7">
      <subfield code="a">Henry</subfield>
      <subfield code="b">IV,</subfield>
      <subfield code="c">King of France,</subfield>
      <subfield code="d">1553-1610.</subfield>
      <subfield code="2">fast</subfield>
      <subfield code="0">(OCoLC)fst00013764</subfield>
      <subfield code="1">https://id.oclc.org/worldcat/entity/E39PBJqqCBHgdkX6wVwPt8rTHC</subfield>
    </datafield>
    <datafield tag="630" ind1="0" ind2="7">
      <subfield code="a">Declaratio contra Henricum Borbonium (Catholic Church. Pope (1585-1590 : Sixtus V))</subfield>
      <subfield code="2">fast</subfield>
      <subfield code="0">(OCoLC)fst01402734</subfield>
    </datafield>
    <datafield tag="700" ind1="1" ind2=" ">
      <subfield code="a">Kempen, Gottfried von,</subfield>
      <subfield code="d">fl. 1576-1598,</subfield>
      <subfield code="e">printer.</subfield>
    </datafield>
    <datafield tag="710" ind1="2" ind2=" ">
      <subfield code="a">Catholic Church.</subfield>
      <subfield code="b">Pope (1585-1590 : Sixtus V).</subfield>
      <subfield code="t">Declaratio contra Henricum Borbonium.</subfield>
    </datafield>
    <datafield tag="758" ind1=" " ind2=" ">
      <subfield code="a">Weytere Declaration, oder Erclärung, so Henricus der Khönig von Navarra, auf der Catholischen vorgeendes Declarirn, vnd sonst in Franckreich beschehen Protestieren (Text)</subfield>
      <subfield code="1">https://id.oclc.org/worldcat/entity/E39PCGBxV4HPThmcP4q7Yxmprm</subfield>
      <subfield code="4">https://id.oclc.org/worldcat/ontology/hasWork</subfield>
    </datafield>
    <datafield tag="936" ind1=" " ind2=" ">
      <subfield code="a">BATCHLOAD</subfield>
    </datafield>
  </record>